00346nam a2200121Ia 4500008004100000082001400041100002200055245004100077600001200118630004100130700001200171730004100183090122s9999 xx 000 0 und d b7684a823 aShiplerbDavidcK a"Russia Brok0n Idols, Solemn Dreams" aShipler a"Russia Brok0n Idols, Solemn Dreams" aShipler a"Russia Brok0n Idols, Solemn Dreams"